000 00476cam a2200145 4500500
005 20260201141713.0
041 _afre
042 _adc
100 1 0 _aAfricaine, Présence
_eauthor
245 0 0 _aLa papauté vue d'Afrique au début du XXIe siècle
260 _c2005.
500 _a40
786 0 _nPrésence Africaine | 172 | 2 | 2005-06-01 | p. 5-6 | 0032-7638
856 4 1 _uhttps://shs.cairn.info/revue-presence-africaine-2005-2-page-5?lang=fr&redirect-ssocas=7080
999 _c1642772
_d1642772